Harry Potter and the Goblet of fire / (Record no. 9610)

MARC details
000 -LEADER
fixed length control field 01113nam a22003017a 4500
001 - CONTROL NUMBER
control field 9610
003 - CONTROL NUMBER IDENTIFIER
control field FISKH
005 - DATE AND TIME OF LATEST TRANSACTION
control field 20260126104457.0
008 - FIXED-LENGTH DATA ELEMENTS--GENERAL INFORMATION
fixed length control field 260126b cb ||||| |||| 00| 0 eng d
020 ## - INTERNATIONAL STANDARD BOOK NUMBER
International Standard Book Number 9781408855683
040 ## - CATALOGING SOURCE
Original cataloging agency FISKH
Language of cataloging eng
Transcribing agency FISKH
Modifying agency FISKH
050 ## - LIBRARY OF CONGRESS CALL NUMBER
Classification number PR1
082 ## - DEWEY DECIMAL CLASSIFICATION NUMBER
Classification number 823.08766
100 ## - MAIN ENTRY--PERSONAL NAME
Personal name Rowling , J. K.
245 ## - TITLE STATEMENT
Title Harry Potter and the Goblet of fire /
Statement of responsibility, etc. By J. K. Rowling
260 ## - PUBLICATION, DISTRIBUTION, ETC.
Place of publication, distribution, etc. London :
Name of publisher, distributor, etc. Bloomsbury Children's Books ,
Date of publication, distribution, etc. 2000.
300 ## - PHYSICAL DESCRIPTION
Extent 616 pages :
Other physical details illustrations ;
Dimensions 20 cm .
490 ## - SERIES STATEMENT
Series statement Harry Potter
Volume/sequential designation 4
505 ## - FORMATTED CONTENTS NOTE
Formatted contents note W <br/>
520 ## - SUMMARY, ETC.
Summary, etc. Harry Potter, a fourth-year student at Hogwarts School of Witchcraft and Wizardry, longs to escape his hateful relatives, the Dursleys, and live as a normal fourteen-year-old wizard, but what Harry does not yet realize is that he is not a normal wizard, and in his case, different can be deadly.<br/>
521 8# - TARGET AUDIENCE NOTE
Target audience note 880 <br/>
Source Lexile <br/>
521 8# - TARGET AUDIENCE NOTE
Target audience note W <br/>
Source Raz-Plus <br/>
650 ## - SUBJECT ADDED ENTRY--TOPICAL TERM
Topical term or geographic name entry element Wizards
Form subdivision Ficiton
650 ## - SUBJECT ADDED ENTRY--TOPICAL TERM
Topical term or geographic name entry element Young Adults
Form subdivision Ficiton
700 ## - ADDED ENTRY--PERSONAL NAME
Personal name Jonny , Duddle
Relator term Illustrator
942 ## - ADDED ENTRY ELEMENTS (KOHA)
Source of classification or shelving scheme Dewey Decimal Classification
Koha item type Books
Suppress in OPAC No
Holdings
Withdrawn status Lost status Source of classification or shelving scheme Damaged status Not for loan Collection Home library Current library Shelving location Date acquired Total Checkouts Full call number Barcode Date last seen Date last checked out Price effective from Koha item type
    Dewey Decimal Classification     Fiction Footprints International School Library Network Toul Tom Poung Campus Footprints International School Library Network Toul Tom Poung Campus TTP Secondary Fiction Bookshelves 01/26/2026 3 ROW 823.08766 PR1 2026-0126 04/29/2026 04/08/2026 01/26/2026 Books